000 00855nam a2200229Ia 4500
999 _c36464
_d36464
001 2379
003 GE_BSU
005 20221027110521.0
008 181216s2010tu xx |||||||||||||| ||tur||
020 _a978885137801
040 _cGE_BSU
041 _atur
080 _a94(479.25)+94(560) S-78
100 _aNeyzi Leila.
_915571
245 _aSpeaking to One Another: Personal. Memories of the Past in Armenia and Turkey.Wish they hadn' t left /
_bLeila Neyzi.
264 _c2010.
300 _a176 p.:
653 _aMemories of the Past in Armenia and Turkey.Wish they hadn' t left.
653 _aSpeaking to One Another
653 _aერთმანეთთან საუბარი: პირადი. წარსულის მოგონებები სომხეთსა და თურქეთში
942 _cBK
_2udc